|
|
|
|
| LEADER |
00000nab a2200000 a 4500 |
| 001 |
vtls001030123 |
| 003 |
SK-MaSNL |
| 005 |
20260303035636.0 |
| 008 |
040720e20020211xo 0 slo |
| 035 |
|
|
|a SL8677
|
| 040 |
|
|
|a SLLK
|b slo
|c SLLK
|e AACR2
|
| 041 |
0 |
|
|a slo
|
| 044 |
|
|
|a xo
|c SK
|
| 080 |
|
|
|a 332.871
|2 1981
|
| 100 |
1 |
|
|a Juriš, Robert
|4 aut
|9 275933
|
| 245 |
1 |
0 |
|a Rešpektovanie zákona prinieslo investorovi kopu problémov
|b z povinnej termostatizácie, ktorú parlament onedlho zruší, profitoval aspoň občan
|
| 300 |
|
|
|b 1 foto
|
| 610 |
2 |
7 |
|a Slobyterm (Stará Ľubovňa, Slovensko)
|2 SLLK
|9 1022688
|
| 650 |
0 |
7 |
|a byty
|2 SLLK
|9 3905
|
| 650 |
0 |
7 |
|a teplo
|2 SLLK
|9 14005
|
| 650 |
0 |
7 |
|a dodávky
|2 SLLK
|9 501342
|
| 650 |
0 |
7 |
|a regulácia
|2 SLLK
|9 363846
|
| 650 |
0 |
7 |
|a problematika
|2 SLLK
|9 880796
|
| 651 |
|
7 |
|a Stará Ľubovňa (Slovensko)
|2 SLLK
|9 19193
|
| 651 |
|
7 |
|a SL,
|2 SLLK
|9 1022390
|
| 655 |
|
7 |
|a periodikum
|2 snkbucl
|9 29553
|
| 710 |
2 |
|
|a Slobyterm (Stará Ľubovňa, Slovensko)
|4 aut
|9 1022688
|
| 773 |
0 |
8 |
|t Tatranský denník
|g Roč. 4, č.35, 11.2.2002, s. 1
|
| 852 |
|
|
|a ZVYKNI
|b KIS3GCP
|
| 999 |
|
|
|c 1678286
|d 1680216
|